Lessons on the Constitution /
Guardado en:
| Autor principal: | |
|---|---|
| Otros Autores: | |
| Formato: | Texto |
| Publicado: |
Colorado:
Social Science Education Consortium
|
| Etiquetas: |
Agregar Etiqueta
Sin Etiquetas, Sea el primero en etiquetar este registro!
|
MARC
| LEADER | 00000 a a2200000 04500 | ||
|---|---|---|---|
| 001 | 22909 | ||
| 003 | |||
| 040 | |||
| 020 | |a 0-89994-301-2 | ||
| 090 | |a 158200 | ||
| 100 | |a Patrick, John J. | ||
| 245 | |a Lessons on the Constitution / |c John J. Patrick | ||
| 260 | |a Colorado: |b Social Science Education Consortium | ||
| 300 | |a 301 p. | ||
| 700 | |a Remy, Richard C. | ||
| 999 | |c 7418 |d 7418 | ||



